000 00354nam a2200145Ia 4500
008 230312s9999||||xx |||||||||||||| ||und||
020 _a81-239-1209-9
082 _a612
_bKAL-T
100 _aKalia;A.N
245 0 _aTextbook of Industrial Pharmacognosy
260 _bCBS
_aIndia
_c2012
300 _a285
650 _aPharmacy
_vPharmacognosy
942 _cBK
999 _c9821
_d9821